Identify Top 15 Catholic Nations - Statistics

General Stats
  • This quiz has been taken 14 times
  • The average score is 10 of 15
Answer Stats
Hint Answer % Correct
The worlds smallest independent nation-state Vatican City
100%
Small micro-Nation between France and Spain Andorra
93%
Island Nation south of Italy Malta
86%
Home of Pope Francis Argentina
79%
Largest Spanish-speaking country in South America Colombia
79%
Landlocked South American Nation Paraguay
79%
The only Portuguese speaking nation in Asia East Timor
71%
One of the worlds oldest republics San Marino
71%
U.S Territory within the Pacific (South of Marianna Islands) Guam
64%
Tiny principality on the French Riviera Monaco
64%
Only sovereign African state with Spanish as official language Equatorial Guinea
57%
French Caribbean island starting with G Guadeloupe
50%
Oldest country in Europe with stable borders Portugal
50%
French territory near Canada Saint Pierre and Miquelon
29%
French overseas collectivity in the Pacific Wallis and Futuna
14%
No matching quizzes found
Score Distribution
Percent of People with Each Score
Percentile by Number Answered
Your Score History
You have not taken this quiz